TI-Zambia bulletin (Record no. 59894)

MARC details
000 -LEADER
fixed length control field 00430nas a2200145 a 4500
008 - FIXED-LENGTH DATA ELEMENTS--GENERAL INFORMATION
fixed length control field 071003c20059999xx |||||||||||||| || u
050 ## - LIBRARY OF CONGRESS CALL NUMBER
Classification number ZAM-PER(05)TIZB
110 ## - MAIN ENTRY--CORPORATE NAME
Corporate name or jurisdiction name as entry element Transparency International Zambia (TIZ)
245 10 - TITLE STATEMENT
Title TI-Zambia bulletin
250 ## - EDITION STATEMENT
Edition statement 2005
260 ## - PUBLICATION, DISTRIBUTION, ETC.
Place of publication, distribution, etc.
Name of publisher, distributor, etc. Transparency International Zambia (TIZ)
Date of publication, distribution, etc. 2005
350 ## - PRICE (NR) (BK AM CF MU VM SE) [OBSOLETE]
Price 0.00
500 ## - GENERAL NOTE
General note Library Holdings: July-December 2005
650 ## - SUBJECT ADDED ENTRY--TOPICAL TERM
Topical term or geographic name entry element GOOD GOVERNANCE--ZAMBIA
Holdings
Withdrawn status Lost status Source of classification or shelving scheme Damaged status Not for loan Home library Current library Date acquired Total Checkouts Full call number Date last seen Price effective from Koha item type
          CBU-MAIN LIBRARY, KITWE. CBU-MAIN LIBRARY, KITWE. 11/30/2022   ZAM-PER(05)TIZB 11/30/2022 11/30/2022 MONOGRAPH